000 00353nam a22001457a 4500
008 210427b ||||| |||| 00| 0 eng d
020 _a9788131526675
041 _aeng
080 _22nd
_a574
082 _a574
100 _a9
101 _aMJE
245 _aIntroduction to Agronomy Food, Crops and Environment
_cCraig C. Sheaffer
942 _2udc
_cBK
999 _c56801
_d56801